00842nam a2200253 a 450000100060000000300080000600500170001400800410003103500190007203500110009104000270010204100080012908200220013710000370015924501030019625000120029926000320031130000350034350000190037865000200039794200120041799900170042995201420044664245BD-RjUL20211209081303.0170212s1952 enk 001 0 eng d a(BD-RjUL)64375 a464747 aANLbengcBD-RjULdANL aeng 223a938bBUH 19521 aBury, J. B.,d1861-1927.919079112aA history of Greece to the death of Alexander the Great /cJ.B. Bury ; revised by Russell Meiggs. a3rd ed. aLondon :bMacmillan,c1952. axvii, 925 p. :bill. ;c18 cm. aIncludes index aGreece.9190792 2ddccBK c64245d64245 00102ddc40718NFICaRUCLbRUCLcReadingd1955-03-01ePak. Co-op. B.Sg11.40l0o938 BUH 1952r2017-02-12 00:00:00tC-1w2017-02-12yBK